000 00506nam a2200157 a 4500
008 120416s1986 ||||||||||||||||| || u
020 _a0675204747
050 _aHF 5429 Lew
100 _aLewison, Dale M
245 1 0 _aRetailing
250 _a2nd ed.
260 _aColumbus, Ohio
_bMerrill
_c1986
300 _axvi, 780p. : ill.
350 _a0.00
995 _D0.00
_FCBU-MAIN LIBRARY (Kitwe)
_H1
_I25.50
_UAVAILABLE
_ZMain Library Open Access Collection
999 _c56422
_d56422